[Event "CHN-ch"]
[Site "Wuxi"]
[Date "2006.06.27"]
[Round "3"]
[White "Zhao Jun"]
[Black "Liang Chong"]
[Result "1/2-1/2"]
[WhiteElo "2525"]
[BlackElo "2514"]
[EventDate "2006.06.25"]

1. d4 Nf6 2. c4 e6 3. Nc3 d5 4. cxd5 exd5 5. Bg5 c6 6. e3 Be7 7. Bd3 Nbd7 
8. Nge2 O-O 9. Qc2 Re8 10. O-O h6 11. Bh4 Nh5 12. Bxe7 Qxe7 13. Rab1 a5 
14. a3 Qg5 15. b4 axb4 16. axb4 Ndf6 17. b5 Bh3 18. Ng3 Nxg3 19. hxg3 Bd7 
20. bxc6 bxc6 21. Ne2 g6 22. Nf4 Kg7 23. Rb7 Reb8 24. Rxd7 Nxd7 25. Bxg6 
Rb6 26. Bf5 Nf6 27. Nh3 Qh5 28. Nf4 Qg5 1/2-1/2

[Event "CUB-ch KO 5th-8th"]
[Site "Santa Clara"]
[Date "2006.04.09"]
[Round "2.3"]
[White "Vera, Reynaldo"]
[Black "Nogueiras, Jesus"]
[Result "0-1"]
[WhiteElo "2516"]
[BlackElo "2556"]
[EventDate "2006.04.04"]

1. c4 e6 2. d4 d5 3. Nc3 Nf6 4. cxd5 exd5 5. Bg5 c6 6. Qc2 Be7 7. e3 Nbd7 
8. Bd3 Nf8 9. Nf3 Ne6 10. Bh4 g6 11. O-O O-O 12. Rab1 Ng7 13. b4 a6 14. a4
Bf5 15. b5 Bxd3 16. Qxd3 Nf5 17. bxc6 bxc6 18. Bg5 Nd7 19. Bf4 Bd6 20. Ne2
Bxf4 21. Nxf4 Nd6 22. Rfc1 Nc4 23. Nd2 Ndb6 24. Nxc4 Nxc4 25. e4 Rc8 26. 
g3 Qa5 27. Rb7 Nd6 28. Ra7 dxe4 29. Rxa6 exd3 30. Rxa5 Nc4 31. Rc5 Nb2 0-1

[Event "Champions Challenge 178th"]
[Site "playchess.com INT"]
[Date "2006.12.23"]
[Round "3.2"]
[White "Volkov, Sergey"]
[Black "Moradiabadi, Elshan"]
[Result "1/2-1/2"]
[WhiteElo "2628"]
[BlackElo "2539"]
[EventDate "2006.12.23"]

1. d4 Nf6 2. c4 e6 3. Nc3 d5 4. cxd5 exd5 5. Bg5 c6 6. e3 Bf5 7. Qf3 Bg6 
8. Bxf6 Qxf6 9. Qxf6 gxf6 10. Nf3 Kd7 11. Nh4 Ke6 12. O-O-O f5 13. Bd3 Be7
14. Nf3 Nd7 15. h4 Bh5 16. Rde1 h6 17. Nd2 Rhg8 18. g3 Nf6 19. Be2 Bxe2 
20. Nxe2 Ne4 21. Nf4+ Kd7 22. Re2 Bd6 23. Nd3 Rae8 24. Nf3 f6 25. Kc2 a5 
26. Nfe1 Bxg3 27. fxg3 Nxg3 28. Rhh2 Nxe2 29. Rxe2 Rg4 30. h5 f4 31. Rf2 
Rxe3 32. Kd2 Re4 33. Nc5+ Kc7 34. Ned3 Re7 35. Nxf4 b6 36. Ncd3 Re4 37. 
Ne2 Rg5 38. Rxf6 Rxh5 39. Ndf4 Rh2 40. Rf7+ Kd8 41. Kd3 h5 42. Ng3 Re7 43.
 Rf6 Kd7 44. Nf5 Rh7 45. Rd6+ Kc7 46. Ne6+ Kb7 47. Nd8+ Kc7 48. Ne6+ Kb7 
49. Nd8+ Kc7 50. Ne6+ 1/2-1/2

[Event "Chigorin mem-A 14th"]
[Site "St Petersburg"]
[Date "2006.10.30"]
[Round "9"]
[White "Romanov, Evgeny"]
[Black "Ovetchkin, Roman"]
[Result "1/2-1/2"]
[WhiteElo "2500"]
[BlackElo "2543"]
[EventDate "2006.10.23"]

1. e4 c6 2. d4 d5 3. exd5 cxd5 4. Nf3 Nf6 5. Bf4 Bg4 6. Nbd2 e6 7. c3 Bd6 
8. Bxd6 Qxd6 9. Qb3 Nbd7 10. Bd3 O-O 11. O-O Rab8 12. a4 Bxf3 13. Nxf3 e5 
14. Nxe5 Nxe5 15. dxe5 Qxe5 16. Rfe1 Qc7 17. Qb4 Rfe8 18. Qd4 b6 19. Bb5 
Re6 20. Rxe6 fxe6 21. Re1 Kf7 22. g3 Rd8 23. Bd3 Re8 24. f4 Qc5 25. Kg2 
Qxd4 26. cxd4 Rc8 27. Kf3 g6 28. g4 Ng8 29. f5 exf5 30. gxf5 Ne7 31. fxg6+
1/2-1/2

[Event "Dos Hermanas Internet f 7th"]
[Site "Internet ICC"]
[Date "2006.03.24"]
[Round "1.1"]
[White "Dlugy, Maxim"]
[Black "Doettling, Fabian"]
[Result "1/2-1/2"]
[WhiteElo "2531"]
[BlackElo "2542"]
[EventDate "2006.03.24"]

1. d4 d5 2. c4 e6 3. Nc3 Nf6 4. cxd5 exd5 5. Bg5 c6 6. Qc2 Be7 7. e3 O-O 
8. Bd3 Nbd7 9. Nf3 Re8 10. O-O Nf8 11. h3 Be6 12. Bxf6 Bxf6 13. b4 Rc8 14.
 Rac1 Qd6 15. Na4 Qxb4 16. Nc5 b6 17. Rb1 Qa5 18. Nxe6 fxe6 19. a4 c5 20. 
Bb5 Red8 21. dxc5 Rxc5 22. Qe2 Rdc8 23. Nd4 Bxd4 24. exd4 Rc2 25. Qg4 R8c7
26. Rbe1 a6 27. Bd3 R2c3 28. Re3 Qxa4 29. Rf3 Qa3 30. Qg3 Qb4 31. Qf4 Qe7 
32. Bxa6 Ng6 33. Qg3 Rxf3 34. Qxf3 Qf6 35. Qe3 Nf4 36. Re1 h6 37. Bf1 Qf5 
38. Kh2 Re7 39. g3 Ng6 40. h4 Qf6 41. Bh3 Nf8 42. Bg2 Rf7 43. Re2 Qd8 44. 
Rb2 Rf6 45. Qe5 Rf7 46. Bh3 Qf6 47. Qe3 Re7 48. Rxb6 Qf7 49. Kg2 Qf6 50. 
Bg4 Qf7 51. h5 Qf6 52. Rb8 Qf7 53. Bd1 Qf6 54. g4 Qf7 55. f4 Qf6 56. Bc2 
Qf7 57. Bg6 Qf6 58. Kg3 Rd7 59. Qd3 Rd8 60. Rb7 Rd7 61. Rb2 Rd8 62. Re2 
Qe7 63. Qe3 Qd6 64. Kh3 Rd7 65. Bc2 Ra7 66. Qf3 Ra3 67. Re3 Rxe3 68. Qxe3 
Qc7 69. Bd1 Qd6 70. Bf3 Qd7 71. Kg3 Qd6 72. Kg2 Kf7 73. g5 Qc7 74. Bg4 Qd6
75. Kf3 Qc6 76. Qd3 Qd6 77. Qb5 Qd7 78. Qb6 Qe7 79. g6+ Kg8 80. Qb8 Qf6 
81. Ke3 Qe7 82. Kd2 Qd7 83. Kc3 Qe7 84. Qc8 Qa3+ 85. Kc2 Qa2+ 86. Kc3 Qa3+
87. Kd2 Qb2+ 88. Ke3 Qa3+ 89. Kf2 Qb2+ 90. Kg3 Qa3+ 91. Bf3 Qe7 92. Qb8 
Qf6 93. Qe5 Qxe5 94. dxe5 Nd7 95. Bg4 Nc5 96. Kf3 Kf8 97. Ke3 Ke7 98. Kd4 
Nd7 99. f5 exf5 100. Bxf5 Nb6 101. Kc5 Nc4 102. Kxd5 Nb6+ 103. Kc5 Na4+ 
104. Kd4 Nb6 105. Bc2 Nd7 106. Ba4 Nf8 107. Bb3 Nd7 108. Kd5 Nb6+ 109. Kc5
Nd7+ 110. Kd4 Nb6 111. Ke4 Nd7 112. Kd5 Nb6+ 113. Kd4 Nd7 114. Bc2 Nb6 
115. Bf5 Na8 116. Kc5 Nc7 117. Bg4 Na6+ 118. Kb5 Nc7+ 119. Kc6 Na6 120. 
Be2 Nb4+ 121. Kc5 Nc2 122. Kc4 Ne3+ 123. Kd4 Nc2+ 124. Ke4 Nb4 125. Bb5 
Nc2 126. Kd3 Ne1+ 127. Ke3 Nc2+ 128. Ke4 Nb4 129. Kd4 Nc2+ 130. Kd3 Nb4+ 
131. Kc4 Nc2 132. Bc6 Ne3+ 133. Kd4 Ng4 134. Bf3 Nh2 135. Be2 Ke6 136. Ke4
Ke7 137. Kf4 Ke6 138. Ke4 Ke7 139. Ke3 Ke6 140. Kf4 Ke7 141. Kg3 Ke6 142. 
Kxh2 Kxe5 143. Kg3 Kf6 144. Bc4 Kg5 145. Kf3 Kxh5 146. Bf7 Kg5 147. Ke4 
Kf6 148. Kd5 h5 149. Ke4 Kg5 150. Ke5 h4 151. Ke4 Kg4 152. Be6+ Kg5 153. 
Bf7 Kg4 154. Ke3 Kg3 155. Ke2 h3 156. Ke3 h2 157. Bd5 Kg4 158. Kf2 Kg5 
159. Be4 h1=Q 160. Bxh1 Kxg6 161. Be4+ 1/2-1/2

[Event "ESP-ch schev 71st"]
[Site "Leon"]
[Date "2006.11.29"]
[Round "3"]
[White "Illescas Cordoba, Miguel"]
[Black "Narciso Dublan, Marc"]
[Result "1/2-1/2"]
[WhiteElo "2620"]
[BlackElo "2511"]
[EventDate "2006.11.27"]

1. d4 d5 2. c4 e6 3. Nf3 Nf6 4. Nc3 Be7 5. Qc2 O-O 6. cxd5 exd5 7. Bg5 
Nbd7 8. e3 c6 9. Bd3 Re8 10. h3 Nf8 11. Bf4 Ng6 12. Bh2 Bd6 13. Bxd6 Qxd6 
14. O-O Qe7 15. Rae1 Ne4 16. Bxe4 dxe4 17. Nd2 f5 18. f3 exf3 19. Nxf3 Be6
20. e4 fxe4 21. Rxe4 Qd7 22. Ng5 Bc4 23. Rfe1 Rxe4 24. Qxe4 Rd8 25. b3 Bf7
1/2-1/2

[Event "ESP-chT Honor Gp1"]
[Site "Olite"]
[Date "2006.09.10"]
[Round "5"]
[White "Pelletier, Yannick"]
[Black "Oms Pallise, Josep"]
[Result "1-0"]
[WhiteElo "2583"]
[BlackElo "2511"]
[EventDate "2006.09.05"]

1. Nf3 Nf6 2. c4 e6 3. Nc3 d5 4. d4 Nbd7 5. cxd5 exd5 6. Bg5 c6 7. e3 Be7 
8. Bd3 Nh5 9. Bxe7 Qxe7 10. O-O g6 11. Rb1 O-O 12. b4 a6 13. Re1 Nb6 14. 
Nd2 Ng7 15. Nb3 Qxb4 16. Nc5 Qxc3 17. Rxb6 Ne6 18. Nxe6 Bxe6 19. Rxb7 c5 
20. dxc5 Qxc5 21. Qa4 a5 22. Qf4 Rfc8 23. h4 Qa3 24. Rd1 Rc1 25. Rxc1 
Qxc1+ 26. Kh2 Qd2 27. Bb1 d4 28. h5 dxe3 29. h6 Qd8 30. fxe3 Rc8 31. a4 
Bd5 32. Rb5 Be6 33. Be4 Rc4 34. Rb8 Bc8 35. g3 Kf8 36. Qe5 Qd2+ 37. Bg2 
Qd8 38. Ra8 Rc2 39. Qh8+ Ke7 40. Qe5+ Kf8 41. Qg7+ Ke7 42. Ra7+ Bd7 43. 
Qe5+ Kf8 44. Qh8+ Ke7 45. Qd4 Ra2 46. Qe5+ Kf8 47. Qd5 Rxg2+ 48. Qxg2 Be8 
49. Qb2 1-0

[Event "EU-Cup 22nd"]
[Site "Fuegen"]
[Date "2006.10.08"]
[Round "1"]
[White "Baburin, Alexander"]
[Black "Andersson, Ulf"]
[Result "1/2-1/2"]
[WhiteElo "2541"]
[BlackElo "2542"]
[EventDate "2006.10.08"]

1. d4 e6 2. c4 Nf6 3. Nc3 d5 4. cxd5 exd5 5. Bg5 c6 6. Qc2 Be7 7. e3 Nbd7 
8. Bd3 Nh5 9. Bxe7 Qxe7 10. O-O-O Nb6 11. h3 g6 12. Nf3 Ng7 13. g4 Bd7 14.
 Kb1 O-O-O 15. Na4 Nxa4 16. Qxa4 Kb8 17. Qc2 Ne6 18. Rc1 Rc8 19. Qe2 Rc7 
20. Rc3 Rhc8 21. Rhc1 f6 22. a3 c5 23. dxc5 Rxc5 24. Rxc5 Rxc5 25. Rxc5 
Qxc5 1/2-1/2

[Event "EU-Cup 22nd"]
[Site "Fuegen"]
[Date "2006.10.10"]
[Round "3"]
[White "Glek, Igor V"]
[Black "Agrest, Evgenij"]
[Result "0-1"]
[WhiteElo "2538"]
[BlackElo "2557"]
[EventDate "2006.10.08"]

1. d4 Nf6 2. Nf3 d5 3. e3 c6 4. Bd3 Bg4 5. Nbd2 Nbd7 6. c4 e6 7. O-O Bd6 
8. cxd5 exd5 9. e4 dxe4 10. Nxe4 Be7 11. Ng3 Nh5 12. Nf5 Bxf5 13. Bxf5 g6 
14. Bc2 Ndf6 15. Bb3 O-O 16. Bh6 Ng7 17. Ne5 Nd5 18. Qf3 Qd6 19. Rfe1 Rad8
20. Rad1 Qc7 21. a3 Rd6 22. g3 Qd8 23. h4 Rf6 24. Qg4 Re8 25. Nd7 Re6 26. 
Rxe6 Nxe6 27. Bxd5 cxd5 28. Ne5 Bf6 29. Be3 Qd6 30. Qf3 0-1

[Event "EU-Cup 22nd"]
[Site "Fuegen"]
[Date "2006.10.13"]
[Round "6"]
[White "Johannessen, Leif Erlend"]
[Black "Naumann, Alexander"]
[Result "1/2-1/2"]
[WhiteElo "2551"]
[BlackElo "2542"]
[EventDate "2006.10.08"]

1. d4 d5 2. c4 e6 3. Nc3 Nf6 4. cxd5 exd5 5. Bg5 Be7 6. e3 c6 7. Qc2 Nbd7 
8. Bd3 O-O 9. Nf3 Re8 10. O-O Nf8 11. h3 Ne4 12. Bf4 Ng5 13. Bxg5 Bxg5 14.
 b4 a6 15. a4 Be7 16. b5 Bd6 17. bxc6 bxc6 18. a5 Bc7 19. Na4 Re6 20. Rab1
Bxa5 21. Ne5 Qf6 22. Rfc1 Bc7 23. f4 a5 24. Rb3 Qh4 25. Rc3 Bxe5 26. fxe5 
Qg5 27. Qf2 Ng6 28. Nb6 Rb8 29. Nxc8 Rxc8 30. Bf5 Ne7 31. Bxe6 fxe6 32. 
Qf4 Qg6 33. Qg4 Qf7 34. Rf1 Nf5 35. Qf4 Qe7 36. Kh2 h6 37. Rfc1 Qd7 38. 
Qf1 Rf8 39. Qe2 Ne7 40. Rf1 Rxf1 41. Qxf1 Qb7 42. Qa1 Qb5 43. Qa3 Nf5 44. 
Qc5 Qe2 45. Qxc6 Qf2 46. Qxe6+ Kh7 47. Qf7 Qg3+ 48. Kh1 Qe1+ 49. Kh2 Qg3+ 
1/2-1/2

[Event "EU-ch 7th"]
[Site "Kusadasi"]
[Date "2006.04.15"]
[Round "11"]
[White "Jobava, Baadur"]
[Black "Kuzubov, Yuriy"]
[Result "1-0"]
[WhiteElo "2614"]
[BlackElo "2544"]
[EventDate "2006.04.04"]

1. d4 d5 2. c4 c6 3. Nf3 Nf6 4. Nc3 e6 5. Bg5 Nbd7 6. cxd5 exd5 7. e3 Be7 
8. Qc2 Nh5 9. Bxe7 Qxe7 10. O-O-O Nhf6 11. Bd3 Nb6 12. Kb1 Bg4 13. Ka1 O-O
14. Rc1 Bxf3 15. gxf3 Nbd7 16. Rhg1 Rac8 17. Bf5 Kh8 18. Qb3 Rb8 19. Ne2 
g6 20. Bxd7 Qxd7 21. Nf4 Qf5 22. h4 h6 23. Qd3 Qxd3 24. Nxd3 Kh7 25. b4 
Nd7 26. b5 Rfc8 27. bxc6 bxc6 28. Rc3 Kg7 29. Rgc1 Rb6 30. a3 a5 31. Ka2 
g5 32. hxg5 hxg5 33. Nb2 Kg6 34. Na4 Ra6 35. Rb3 Rc7 36. Nc3 Rca7 37. Rg1 
a4 38. Rb4 f6 39. Ne2 c5 40. dxc5 Rc6 41. Nd4 Rxc5 42. f4 Rc3 1-0

[Event "EU-ch Internet 3rd"]
[Site "playchess.com INT"]
[Date "2006.01.22"]
[Round "1.1"]
[White "Dobrov, Vladimir"]
[Black "Kiriakov, Petr"]
[Result "0-1"]
[WhiteElo "2515"]
[BlackElo "2555"]
[EventDate "2006.01.22"]

1. d4 e6 2. c4 Nf6 3. Nc3 d5 4. cxd5 exd5 5. Bg5 c6 6. e3 Nbd7 7. Bd3 Bd6 
8. Nf3 O-O 9. O-O Re8 10. Rb1 Nf8 11. Qc2 h6 12. Bh4 Bg4 13. Nd2 Be6 14. 
Bg3 Bxg3 15. hxg3 Ng4 16. Nf3 a5 17. Rfc1 g6 18. a3 Nh7 19. b4 axb4 20. 
axb4 Ng5 21. b5 Qf6 22. Qe2 Bf5 23. Bxf5 Qxf5 24. bxc6 bxc6 25. Rb6 Ne4 
26. Nxe4 dxe4 27. Nh2 Nxh2 28. Kxh2 Re6 29. Rbxc6 Rxc6 30. Rxc6 Ra1 31. 
Rc5 Qe6 32. Re5 Qc6 33. Rc5 Qb7 34. Rb5 Qc7 35. Qb2 Rc1 36. Rb8+ Kh7 37. 
d5 Qc3 38. Qxc3 Rxc3 39. g4 Rd3 40. Rd8 Kg7 41. Kg3 g5 42. Rd6 Kf8 43. 
Rxh6 Rxd5 44. Rf6 Ke7 45. Rf5 Ke6 46. Rxd5 Kxd5 47. f4 f6 48. Kf2 Kc4 49. 
Ke2 Kc3 50. fxg5 fxg5 51. Ke1 Kd3 52. Kf2 Kd2 53. Kf1 Kxe3 54. Ke1 Kf4 55.
 Ke2 Kxg4 56. Ke3 Kf5 57. Ke2 Kf4 58. Kf2 e3+ 59. Ke2 Ke4 0-1

[Event "EU-ch Internet 3rd"]
[Site "playchess.com INT"]
[Date "2006.01.22"]
[Round "1.3"]
[White "Dobrov, Vladimir"]
[Black "Kiriakov, Petr"]
[Result "1-0"]
[WhiteElo "2515"]
[BlackElo "2555"]
[EventDate "2006.01.22"]

1. d4 e6 2. c4 Nf6 3. Nc3 d5 4. cxd5 exd5 5. Bg5 c6 6. e3 Be7 7. Bd3 Nbd7 
8. h3 Ne4 9. Bxe7 Qxe7 10. Bxe4 dxe4 11. Qg4 Nf6 12. Qxg7 Rg8 13. Qh6 Rxg2
14. Nge2 Rg6 15. Qh4 Bf5 16. Ng3 Qe6 17. Qf4 Bxh3 18. Qc7 Bg2 19. Qxb7 Qc8
20. Qxc8+ Rxc8 21. Rh4 Kf8 22. Kd2 Re8 23. b4 Bf3 24. Rc1 h5 25. Nce2 Rg4 
26. Rxg4 Nxg4 27. Nxh5 Nxf2 28. Nhf4 Rb8 29. a3 a5 30. bxa5 Bxe2 31. Nxe2 
Rb2+ 32. Rc2 Rb3 33. Nc3 f5 34. a6 Rb6 35. a7 Ra6 36. Nb5 cxb5 37. Rc8+ 
Ke7 38. a8=Q Rxa8 39. Rxa8 Nd3 40. Rb8 Nb2 41. Rxb5 Nc4+ 42. Ke2 Ke6 43. 
a4 1-0

[Event "EU-ch Internet Cand 3rd"]
[Site "playchess.com INT"]
[Date "2006.01.21"]
[Round "12"]
[White "Turov, Maxim"]
[Black "Ovetchkin, Roman"]
[Result "0-1"]
[WhiteElo "2539"]
[BlackElo "2539"]
[EventDate "2006.01.21"]

1. e4 c6 2. d4 d5 3. exd5 cxd5 4. c3 Nf6 5. Bf4 Nc6 6. Nf3 Bg4 7. Qb3 Qc8 
8. Ne5 Bf5 9. Nd2 e6 10. Bb5 Nd7 11. Ndf3 f6 12. Nxd7 Qxd7 13. O-O g5 14. 
Bg3 h5 15. h4 g4 16. Nd2 Bh6 17. Rad1 a6 18. Be2 Kf7 19. f4 Bf8 20. Rde1 
Bd6 21. Rf2 b5 22. Qd1 b4 23. Nf1 bxc3 24. bxc3 Qa7 25. Ne3 Be4 26. Bd3 
Bxd3 27. Qxd3 Ne7 28. c4 dxc4 29. Nxc4 Rad8 30. f5 Bxg3 31. fxe6+ Kg7 32. 
Qxg3 Rxd4 33. Qe3 Ra8 34. Ne5 Rd1 35. Kh2 Rxe1 36. Qxe1 Qc7 37. Kh1 g3 38.
 Re2 fxe5 39. Rxe5 Ng6 40. Rg5 Qf4 41. Qb1 Qxh4+ 42. Kg1 Qxg5 43. Qb7+ Kh6
0-1

[Event "EU-ch Internet Gr-B 3rd"]
[Site "playchess.com INT"]
[Date "2006.01.22"]
[Round "1.2"]
[White "Moskalenko, Viktor"]
[Black "Kiriakov, Petr"]
[Result "1/2-1/2"]
[WhiteElo "2540"]
[BlackElo "2555"]
[EventDate "2006.01.22"]

1. d4 e6 2. c4 Nf6 3. Nc3 d5 4. cxd5 exd5 5. Bg5 c6 6. e3 Nbd7 7. Bd3 Bd6 
8. Nge2 O-O 9. Qc2 h6 10. Bh4 Re8 11. Bg3 Nb6 12. Bxd6 Qxd6 13. h3 Bd7 14.
 O-O Re7 15. Rab1 Rae8 16. Na4 Nxa4 17. Qxa4 a6 18. Qc2 Ne4 19. b4 g6 20. 
a4 Qf6 21. b5 axb5 22. axb5 Ng5 23. Nf4 Ne6 24. Nxe6 Rxe6 25. bxc6 bxc6 
26. Rb7 R6e7 27. Rfb1 Kg7 28. Rb8 Qd6 29. Rxe8 Rxe8 30. Qc3 Rb8 31. Rxb8 
Qxb8 32. Qa3 Qf8 33. Qxf8+ Kxf8 34. Kf1 g5 35. Ke2 Ke7 36. Kd2 Kd6 37. Kc3
c5 38. dxc5+ Kxc5 39. Be2 f6 40. Bg4 Bb5 41. g3 Bf1 42. h4 Bg2 43. hxg5 
hxg5 1/2-1/2

[Event "EU-ch Internet Gr-G 3rd"]
[Site "playchess.com INT"]
[Date "2006.01.22"]
[Round "1.3"]
[White "Dobrov, Vladimir"]
[Black "Gyimesi, Zoltan"]
[Result "1/2-1/2"]
[WhiteElo "2515"]
[BlackElo "2602"]
[EventDate "2006.01.22"]

1. d4 Nf6 2. c4 e6 3. Nc3 d5 4. cxd5 exd5 5. Bg5 c6 6. e3 Be7 7. Bd3 Nbd7 
8. h3 O-O 9. Qc2 Re8 10. Nf3 Nf8 11. O-O Be6 12. Rab1 Ng6 13. b4 Rc8 14. 
Rfc1 Nd7 15. Bf4 Nf6 16. Bg5 Nh5 17. Bxe7 Qxe7 18. Ne5 Qg5 19. Nf3 Qf6 20.
 Qd1 Bf5 21. Bxf5 Qxf5 22. g4 Qf6 23. gxh5 Nf8 24. Nh2 Ne6 25. Qg4 g6 26. 
Nf3 Kh8 27. h6 Qe7 28. e4 dxe4 29. Qxe4 Qf8 30. Re1 Qxh6 31. Qe5+ Ng7 32. 
Qg3 Nf5 33. Qg4 Qg7 34. Rbd1 Kg8 35. Ne4 Re6 36. Nc5 Rd6 37. Kh2 b6 38. 
Ne4 Rd5 39. Qg5 h6 40. Qf4 Rcd8 41. Ne5 Rxd4 42. Rxd4 Rxd4 43. Nxc6 Rc4 
44. Nf6+ Qxf6 45. Qxc4 Ne3 46. Qe2 Qf4+ 47. Kh1 Qe4+ 48. f3 Qh4 49. Qxe3 
Qxh3+ 50. Kg1 Qg3+ 51. Kf1 Qh3+ 52. Ke2 Qh2+ 53. Qf2 Qd6 54. Rc1 Qe6+ 55. 
Qe3 Qxa2+ 56. Ke1 h5 57. Nd4 h4 58. Rc8+ Kh7 59. Qe5 Qb1+ 60. Ke2 Qb2+ 61.
 Kf1 Qc1+ 62. Kg2 Qxc8 63. Qf6 Qc4 64. Qxh4+ Kg8 65. b5 a6 66. bxa6 Qxa6 
67. Kg3 Qc8 68. Qe4 b5 69. Qe7 Qb8+ 70. Kg2 Qf4 71. Nxb5 Qd2+ 72. Kg3 Qc1 
73. Qe8+ Kg7 74. Qe5+ Kg8 75. Nd4 Qg1+ 76. Kf4 Qh2+ 77. Ke4 Qh4+ 78. f4 
Qe1+ 79. Kd5 Qa5+ 80. Kd6 Qb4+ 81. Kd7 Qb7+ 82. Ke8 Qc8+ 83. Ke7 Qb7+ 84. 
Kf6 Qb6+ 85. Kg5 Qd8+ 86. Qf6 Qd5+ 87. Qe5 Qd8+ 88. Kg4 Qd7+ 89. Kg3 Kh7 
90. Nf3 Kg8 91. Ng5 Qd3+ 92. Nf3 Qd7 93. Qe4 Qd8 94. Ne5 Qe7 95. Ng4 Qa3+ 
96. Qe3 Qd6 97. Qe5 Qd3+ 98. Kh4 Qd8+ 99. Qf6 Qf8 100. Kg5 Qc5+ 101. Qe5 
Qg1 102. Qe8+ Kg7 103. Qe5+ Kg8 104. Kf6 Qb6+ 105. Kg5 Qg1 1/2-1/2

[Event "EU-ch Internet Gr-H 3rd"]
[Site "playchess.com INT"]
[Date "2006.01.22"]
[Round "1.4"]
[White "Belov, Vladimir"]
[Black "Dorfman, Josif D"]
[Result "0-1"]
[WhiteElo "2608"]
[BlackElo "2595"]
[EventDate "2006.01.22"]

1. d4 d5 2. c4 c6 3. Nc3 Nf6 4. Nf3 e6 5. Bg5 Nbd7 6. cxd5 exd5 7. e3 Be7 
8. Bd3 O-O 9. O-O Re8 10. h3 Nf8 11. Bf4 Bd6 12. Bxd6 Qxd6 13. Ne5 N6d7 
14. Nxd7 Bxd7 15. Rb1 a5 16. Na4 Be6 17. Qc2 Rad8 18. a3 g6 19. Rfc1 Nd7 
20. Qd2 Ra8 21. Nc5 Nxc5 22. Rxc5 b6 23. Rc2 c5 24. dxc5 bxc5 25. Rbc1 
Rec8 26. Bb5 Qb6 27. a4 Rc7 28. Rc3 Rd8 29. h4 h5 30. Qc2 d4 31. exd4 Rxd4
32. g3 Qd6 33. Rd3 Rxd3 34. Bxd3 Kh7 35. Re1 Qd4 36. Bxg6+ fxg6 37. Rxe6 
Rg7 38. Re3 c4 39. Re4 Qd3 40. Qxc4 Qb1+ 41. Kg2 Qxb2 42. Re5 Qxe5 43. Qd3
Qf5 44. Qe3 Rf7 0-1

[Event "EU-ch blitz"]
[Site "Cannes"]
[Date "2006.02.19"]
[Round "1"]
[White "Sokolov, Ivan"]
[Black "King, Daniel J"]
[Result "1-0"]
[WhiteElo "2689"]
[BlackElo "2526"]
[EventDate "2006.02.12"]

1. d4 e6 2. c4 d5 3. Nc3 Be7 4. cxd5 exd5 5. Bf4 c6 6. e3 Bf5 7. Nge2 Bd6 
8. Ng3 Bg6 9. Bxd6 Qxd6 10. Qb3 Qe7 11. Be2 Nf6 12. O-O h5 13. h3 h4 14. 
Nh1 O-O 15. Rfe1 b6 16. Bf1 Nbd7 17. f3 Qe6 18. Nf2 c5 19. Rad1 a6 20. e4 
dxe4 21. Qxe6 fxe6 22. Nfxe4 Nxe4 23. Nxe4 cxd4 24. Rxd4 Nf6 25. Ng5 Rfd8 
26. Rxd8+ Rxd8 27. Bxa6 Nh5 28. Bc4 Rd2 29. Rxe6 Kf8 30. Rxg6 Nf4 31. Ne6+
Nxe6 32. Rxe6 1-0

[Event "EU-ch blitz"]
[Site "Cannes"]
[Date "2006.02.19"]
[Round "3"]
[White "Sokolov, Ivan"]
[Black "Godena, Michele"]
[Result "1-0"]
[WhiteElo "2689"]
[BlackElo "2505"]
[EventDate "2006.02.12"]

1. d4 d5 2. c4 c6 3. Nc3 Nf6 4. Nf3 e6 5. Bg5 Nbd7 6. cxd5 exd5 7. e3 Qa5 
8. Bd3 Ne4 9. O-O Nxg5 10. Nxg5 Nf6 11. Qc2 h6 12. Nf3 Bd6 13. Ne5 Bxe5 
14. dxe5 Ng4 15. e4 d4 16. Ne2 Qxe5 17. Ng3 O-O 18. Rae1 Qf4 19. Qc5 Ne5 
20. Qxd4 Be6 21. Nh5 Qg5 22. Be2 Rfd8 23. Qc3 Bg4 24. Ng3 Bxe2 25. Rxe2 
Qf6 26. f4 Nd7 27. e5 Qe7 28. Ne4 Qe6 29. Nd6 Qd5 30. Nxb7 Rab8 31. Nxd8 
Rxd8 32. Rd2 Qxa2 33. Qxc6 1-0

[Event "El Sauzal op 7th"]
[Site "El Sauzal"]
[Date "2006.11.05"]
[Round "9"]
[White "Moskalenko, Viktor"]
[Black "Rivas Pastor, Manuel"]
[Result "1-0"]
[WhiteElo "2543"]
[BlackElo "2511"]
[EventDate "2006.11.04"]

1. d4 Nf6 2. c4 e6 3. Nc3 d5 4. cxd5 exd5 5. Bg5 Be7 6. e3 c6 7. Qc2 O-O 
8. Bd3 Nbd7 9. Nge2 Re8 10. O-O Nf8 11. h3 Nh5 12. Bxe7 Qxe7 13. e4 Be6 
14. e5 g6 15. f4 Ng7 16. Ng3 f5 17. Rab1 Bf7 18. b4 Rac8 19. Rfc1 Nfe6 20.
 Qf2 Kh8 21. b5 Rc7 22. bxc6 bxc6 23. Nge2 g5 24. Rc2 gxf4 25. Nxf4 Nxf4 
26. Qxf4 Ne6 27. Qf2 1-0

[Event "FRA-chT Top 16 GpA"]
[Site "Nancy"]
[Date "2006.02.03"]
[Round "1.4"]
[White "Dunis, Aurelien"]
[Black "Rowson, Jonathan"]
[Result "1/2-1/2"]
[WhiteElo "2534"]
[BlackElo "2599"]
[EventDate "2006.02.03"]

1. d4 Nf6 2. c4 e6 3. Nf3 d5 4. Nc3 Nbd7 5. Bg5 c6 6. cxd5 exd5 7. e3 Be7 
8. Bd3 Ne4 9. Bxe4 Bxg5 10. Nxg5 Qxg5 11. Bf3 Nf6 12. b4 a6 13. a4 O-O 14.
 b5 axb5 15. axb5 Rxa1 16. Qxa1 c5 17. O-O cxd4 18. exd4 Bg4 19. Bxg4 Qxg4
20. Qa7 h5 21. Qxb7 Qxd4 22. Qc7 Qd2 23. b6 d4 24. Nb1 Qb2 25. b7 Ne4 26. 
Na3 d3 27. Nc4 Qb5 28. Nd6 Nxd6 29. Qxd6 Qxb7 30. Qxd3 g6 1/2-1/2

[Event "FRA-chT Top 16 GpA"]
[Site "Nancy"]
[Date "2006.02.05"]
[Round "3.1"]
[White "Doettling, Fabian"]
[Black "Rowson, Jonathan"]
[Result "1/2-1/2"]
[WhiteElo "2542"]
[BlackElo "2599"]
[EventDate "2006.02.03"]

1. Nf3 d5 2. d4 Nf6 3. c4 e6 4. Nc3 Nbd7 5. cxd5 exd5 6. Bg5 c6 7. e3 Be7 
8. Qc2 O-O 9. Bd3 Re8 10. h3 Nf8 11. O-O Be6 12. Bf4 Rc8 13. Na4 Bd6 14. 
Bxd6 Qxd6 15. Rfc1 Rc7 16. Rab1 Rce7 17. b4 Ne4 18. b5 cxb5 19. Bxb5 Rc8 
20. Qb2 Rec7 21. Bd3 Nd7 22. Rxc7 Rxc7 23. Rc1 a6 1/2-1/2

[Event "GRE-chT 35th"]
[Site "Ermioni"]
[Date "2006.07.07"]
[Round "5"]
[White "Kharitonov, Alexandr"]
[Black "Vouldis, Angelos"]
[Result "1-0"]
[WhiteElo "2514"]
[BlackElo "2521"]
[EventDate "2006.07.03"]

1. d4 d5 2. c4 e6 3. Nc3 Be7 4. cxd5 exd5 5. Bf4 c6 6. e3 Bf5 7. Bd3 Bxd3 
8. Qxd3 Nf6 9. Nge2 O-O 10. Ng3 Re8 11. O-O Nbd7 12. Rad1 Nb6 13. b3 g6 
14. f3 Nfd7 15. e4 Nf8 16. Be3 Bh4 17. e5 f5 18. Nge2 Ne6 19. g3 Be7 20. 
Nf4 Nxf4 21. Bxf4 Nd7 22. Bh6 Nf8 23. Bxf8 Rxf8 24. Kg2 a5 25. Rf2 Qd7 26.
 Na4 Qe6 27. Rc2 h5 28. f4 h4 29. Nc5 Bxc5 30. Rxc5 Kg7 31. Qc3 hxg3 32. 
hxg3 a4 33. Ra5 axb3 34. axb3 Rxa5 35. Qxa5 Qe7 36. Rh1 Rc8 37. b4 g5 38. 
Rh5 gxf4 39. gxf4 Kg6 40. Rg5+ 1-0

[Event "GRE-chT 35th"]
[Site "Ermioni"]
[Date "2006.07.08"]
[Round "7"]
[White "Rozentalis, Eduardas"]
[Black "Wojtaszek, Radoslaw"]
[Result "1/2-1/2"]
[WhiteElo "2605"]
[BlackElo "2622"]
[EventDate "2006.07.03"]

1. e4 c6 2. d4 d5 3. exd5 cxd5 4. Nf3 Nf6 5. Be2 Nc6 6. O-O Bg4 7. c3 e6 
8. Bf4 Bxf3 9. Bxf3 Bd6 10. Bxd6 Qxd6 11. Nd2 O-O 12. g3 b5 13. a3 a5 14. 
Nb3 Nd7 15. Be2 Rfb8 16. Bd3 Qc7 17. Qe2 Qb6 18. Rad1 Ne7 19. Rfe1 b4 20. 
axb4 axb4 21. c4 dxc4 22. Bxc4 Nf6 23. Nc5 Rd8 24. Qf3 Ned5 25. h4 Rac8 
26. g4 Rd6 27. Bb3 Ne7 28. g5 Ne8 29. h5 g6 30. Ba4 Rd5 31. Ne4 Rf5 32. 
Qg3 Nd5 33. Bxe8 Rxe8 34. Nd6 Rxg5 35. Qxg5 Qxd6 36. hxg6 hxg6 37. Re4 Qe7
38. Qg3 Rc8 39. Qe5 1/2-1/2

[Event "Gibraltar Masters"]
[Site "Gibraltar"]
[Date "2006.01.27"]
[Round "4"]
[White "Pelletier, Yannick"]
[Black "Gurevich, Mikhail"]
[Result "0-1"]
[WhiteElo "2579"]
[BlackElo "2633"]
[EventDate "2006.01.24"]

1. d4 d5 2. c4 c6 3. Nf3 Nf6 4. Nc3 e6 5. Bg5 Nbd7 6. cxd5 exd5 7. e3 Be7 
8. Bd3 O-O 9. Qc2 Re8 10. O-O Nf8 11. h3 Be6 12. a3 N6d7 13. Bf4 Nb6 14. 
Rfc1 Bd6 15. Bxd6 Qxd6 16. b4 a6 17. Nd2 Qe7 18. Ne2 Nc8 19. Qb2 Nd6 20. 
a4 Bf5 21. Bxf5 Nxf5 22. Nc3 Ng6 23. b5 Ngh4 24. Nf1 Qg5 25. f4 Qd8 26. 
bxc6 bxc6 27. Qf2 Nd6 28. g3 Nhf5 29. g4 Ne7 30. f5 Nec8 31. Nd2 Nb6 32. 
Re1 Nbc4 33. Nxc4 Nxc4 34. e4 dxe4 35. Rxe4 Qa5 36. Rae1 Rf8 37. Qg3 Rad8 
38. Qd3 Nb6 39. Re5 Qb4 40. Rb1 Qd6 41. Re2 Nd5 42. Nxd5 Qxd5 43. Rd1 Rb8 
44. Re5 Qa2 45. Qxa6 Rb2 46. Qxc6 Qb3 0-1